000 01138nam a2200217Ii 4500
003 JO-AjNU
008 230605s9999||||xx |||||||||||||| ||und||
040 _aJO-AjNU
_bara
_erda
_cJO-AjNU
041 _aara
050 1 4 _aBP144.D332 2013
100 3 _aتأليف داغي، علي محي الدين القره,
_eauthor
_948428
245 0 0 _aحقيبة طالب العلم الأقتصادية(1): المقدمة في منهج الفقه الإسلامي للاجتهاد والبحث في القضايا المعاصرة في ضوء الثوابت والمتغيرات والمقاصد العامة
250 _aط2
264 3 1 _aبيروت : شركة دار البشائر الإسلامية، 2013
300 _aالكتاب الأول، 271ص
_bيشتمل على قائمة المراجع والمصادرالببلوغرافية ص(221-263)
336 _atext
_btxt
_2rdacontent
337 _aunmediated
_bn
_2rdamedia
338 _avolume
_bnc
_2rdacarrier
490 0 _aحقيبة طالب العلم الاقتصادية (1)
650 4 _aالاجتهاد (أصول فقه) -- أصول الفقه الإسلامي
_948429
999 _aA21208
_c24776
_d24776